000
00317nam a2200133Ia 4500
005
20251222144743.0
008
251222s9999||||xx |||||||||||||| ||spa||
020
_a
960-6632-24-5
082
_a
455.02/M26E/2/Ej.2
100
_a
Marin, T.
245
0
_a
Nuovo Progetto Italiano:
264
_b
Edilingua
942
_c
LIB
999
_c
19040
_d
19040